[Event "c14"]
[Site "?"]
[Date "2020.08.27"]
[Round "4.2"]
[White "Trzebinski, Patryk"]
[Black "Chyzy, Jakub"]
[Result "0-1"]
[BlackElo "2005"]
[WhiteElo "1657"]
[LiveChessVersion "1.4.8"]

1. e4 {[%clk 0:03:03]} Nf6 {[%clk 0:02:45]} 2. Bc4 Nxe4 3. Bxf7+ {[%clk 0:03:04]}
Kxf7 {[%clk 0:02:46]} 4. Qh5+ {[%clk 0:03:04]} g6 5. Qd5+ e6 {[%clk 0:02:39]} 6.
Qxe4 {[%clk 0:03:05]} Bg7 {[%clk 0:02:36]} 7. Nf3 {[%clk 0:03:02]} Rf8
{[%clk 0:02:27]} 8. d4 d5 {[%clk 0:02:16]} 9. Qe2 {[%clk 0:02:51]} Nc6
{[%clk 0:02:13]} 10. c3 Kg8 {[%clk 0:01:58]} 11. Bg5 {[%clk 0:02:41]} Qe8
{[%clk 0:01:52]} 12. O-O {[%clk 0:02:34]} e5 {[%clk 0:01:47]} 13. dxe5
{[%clk 0:02:32]} Bg4 {[%clk 0:01:47]} 14. Nbd2 {[%clk 0:02:26]} Nxe5
{[%clk 0:01:48]} 15. Rfe1 {[%clk 0:01:42]} Bxf3 {[%clk 0:01:17]} 16. Nxf3
{[%clk 0:01:41]} Nxf3+ {[%clk 0:01:16]} 17. gxf3 {[%clk 0:01:39]} Qxe2
{[%clk 0:01:16]} 18. Rxe2 {[%clk 0:01:40]} Rxf3 {[%clk 0:01:17]} 19. Re7
{[%clk 0:01:40]} Rf7 {[%clk 0:01:15]} 20. Rae1 {[%clk 0:01:41]} Bf8
{[%clk 0:00:39]} 21. Rxf7 {[%clk 0:01:04]} Kxf7 {[%clk 0:00:40]} 22. Rd1
{[%clk 0:01:04]} c6 {[%clk 0:00:37]} 23. c4 {[%clk 0:01:05]} Ke6 {[%clk 0:00:26]}
24. Re1+ {[%clk 0:00:46]} Kf5 {[%clk 0:00:27]} 25. f4 {[%clk 0:00:47]} Bd6
{[%clk 0:00:21]} 26. Rd1 {[%clk 0:00:41]} Bxf4 {[%clk 0:00:17]} 27. Bxf4
{[%clk 0:00:41]} Kxf4 {[%clk 0:00:18]} 28. cxd5 {[%clk 0:00:41]} Rd8
{[%clk 0:00:07]} 29. Rf1+ {[%clk 0:00:38]} Kg5 {[%clk 0:00:08]} 30. dxc6
{[%clk 0:00:36]} bxc6 {[%clk 0:00:10]} 31. Rc1 {[%clk 0:00:28]} Rd6
{[%clk 0:00:08]} 32. Rc2 {[%clk 0:00:26]} h5 {[%clk 0:00:08]} 33. Kg2
{[%clk 0:00:26]} Kf4 {[%clk 0:00:10]} 34. Rc4+ {[%clk 0:00:23]} Ke3
{[%clk 0:00:11]} 35. Rc3+ {[%clk 0:00:22]} Ke4 {[%clk 0:00:09]} 36. Kg3
{[%clk 0:00:20]} g5 {[%clk 0:00:10]} 37. Rc4+ {[%clk 0:00:21]} Kf5
{[%clk 0:00:06]} 38. Ra4 {[%clk 0:00:18]} Rd3+ {[%clk 0:00:06]} 39. Kf2
{[%clk 0:00:17]} Rd2+ {[%clk 0:00:08]} 40. Kf3 {[%clk 0:00:17]} Rxb2
{[%clk 0:00:08]} 41. Ra5+ {[%clk 0:00:15]} Kg6 {[%clk 0:00:09]} 42. Rxa7
{[%clk 0:00:15]} Rxh2 {[%clk 0:00:09]} 43. Rc7 {[%clk 0:00:15]} Kf5
{[%clk 0:00:10]} 44. a4 {[%clk 0:00:15]} Ra2 {[%clk 0:00:11]} 45. Ra7
{[%clk 0:00:09]} Ra3+ {[%clk 0:00:11]} 46. Kf2 {[%clk 0:00:09]} Kg4
{[%clk 0:00:12]} 47. a5 {[%clk 0:00:10]} Ra2+ {[%clk 0:00:13]} 48. Ke3
{[%clk 0:00:10]} h4 {[%clk 0:00:14]} 49. a6 {[%clk 0:00:11]} h3 {[%clk 0:00:15]}
50. Ra8 {[%clk 0:00:09]} h2 {[%clk 0:00:13]} 51. Rh8 {[%clk 0:00:09]} Kg3
{[%clk 0:00:14]} 52. Rh5 {[%clk 0:00:06]} g4 {[%clk 0:00:15]} 53. Kd4 0-1

[Event "c14"]
[Site "?"]
[Date "2020.08.27"]
[Round "4.3"]
[White "Fiszer, Bartosz"]
[Black "Backiel, Hubert"]
[Result "1-0"]
[BlackElo "1547"]
[WhiteElo "1905"]
[LiveChessVersion "1.4.8"]

1. a3 {[%clk 0:03:03]} e5 {[%clk 0:03:02]} 2. b4 {[%clk 0:03:01]} d5
{[%clk 0:02:58]} 3. Bb2 {[%clk 0:03:02]} Bd6 {[%clk 0:02:59]} 4. e3
{[%clk 0:03:02]} Nf6 {[%clk 0:02:53]} 5. Nf3 {[%clk 0:03:02]} Bg4
{[%clk 0:02:48]} 6. Be2 {[%clk 0:03:02]} Nbd7 {[%clk 0:02:46]} 7. d4
{[%clk 0:02:52]} Bxf3 {[%clk 0:02:39]} 8. Bxf3 {[%clk 0:02:50]} exd4
{[%clk 0:02:21]} 9. exd4 {[%clk 0:02:43]} O-O {[%clk 0:02:21]} 10. O-O
{[%clk 0:02:40]} c6 {[%clk 0:02:18]} 11. Nd2 {[%clk 0:02:40]} Qc7
{[%clk 0:02:09]} 12. h3 {[%clk 0:02:39]} Rfe8 {[%clk 0:02:07]} 13. c4
{[%clk 0:02:36]} Bf4 {[%clk 0:01:47]} 14. g3 {[%clk 0:01:22]} Bxd2
{[%clk 0:01:42]} 15. Qxd2 {[%clk 0:01:23]} Nb6 {[%clk 0:01:32]} 16. c5
{[%clk 0:01:10]} Nc4 {[%clk 0:01:29]} 17. Qc2 {[%clk 0:01:07]} Ne4
{[%clk 0:00:36]} 18. Rfe1 {[%clk 0:00:24]} f5 {[%clk 0:00:37]} 19. Bg2
{[%clk 0:00:21]} Re7 {[%clk 0:00:23]} 20. Bc1 {[%clk 0:00:19]} Rae8
{[%clk 0:00:06]} 21. Bf4 {[%clk 0:00:18]} Qd7 {[%clk 0:00:06]} 22. Bf1
{[%clk 0:00:12]} b5 {[%clk 0:00:03]} 23. cxb6 {[%clk 0:00:11]} Nxb6
{[%clk 0:00:04]} 24. Bd3 {[%clk 0:00:10]} Rc8 {[%clk 0:00:03]} 25. f3
{[%clk 0:00:10]} Nf6 {[%clk 0:00:04]} 26. Bxf5 {[%clk 0:00:10]} Rxe1+
{[%clk 0:00:04]} 27. Rxe1 {[%clk 0:00:11]} Qd8 {[%clk 0:00:04]} 28. Be6+
{[%clk 0:00:11]} Kf8 {[%clk 0:00:05]} 29. Bxc8 {[%clk 0:00:11]} Qxc8
{[%clk 0:00:06]} 30. Qc5+ {[%clk 0:00:12]} Kf7 {[%clk 0:00:06]} 31. Qe7+
{[%clk 0:00:13]} Kg6 {[%clk 0:00:07]} 32. Qe6 {[%clk 0:00:13]} Qxe6
{[%clk 0:00:05]} 33. Rxe6 {[%clk 0:00:14]} Nc4 {[%clk 0:00:05]} 34. Rxc6
{[%clk 0:00:14]} Nxa3 {[%clk 0:00:06]} 35. Ra6 {[%clk 0:00:15]} Nb5
{[%clk 0:00:07]} 36. Ra5 {[%clk 0:00:15]} Nxd4 {[%clk 0:00:07]} 37. Rxa7
{[%clk 0:00:15]} Nxf3+ {[%clk 0:00:08]} 38. Kg2 {[%clk 0:00:15]} Nd4
{[%clk 0:00:07]} 39. Rb7 {[%clk 0:00:14]} Nc2 {[%clk 0:00:07]} 40. b5
{[%clk 0:00:14]} d4 {[%clk 0:00:08]} 41. b6 {[%clk 0:00:15]} d3 {[%clk 0:00:08]}
42. Ra7 {[%clk 0:00:13]} Nd5 {[%clk 0:00:06]} 43. Bd2 {[%clk 0:00:06]} Nxb6
{[%clk 0:00:05]} 44. Ra6 {[%clk 0:00:07]} Kf5 {[%clk 0:00:04]} 45. Rxb6
{[%clk 0:00:08]} Nd4 {[%clk 0:00:05]} 46. Rd6 {[%clk 0:00:08]} Ke4
{[%clk 0:00:05]} 47. Rxd4+ {[%clk 0:00:09]} Kxd4 {[%clk 0:00:06]} 48. Kf3
{[%clk 0:00:10]} 1-0

[Event "c14"]
[Site "?"]
[Date "2020.08.27"]
[Round "4.4"]
[White "Wojdak, Jan"]
[Black "Wieczorek, Mikolaj"]
[Result "0-1"]
[BlackElo "1452"]
[WhiteElo "1772"]
[LiveChessVersion "1.4.8"]

1. e4 {[%clk 0:03:04]} c5 {[%clk 0:03:04]} 2. Nc3 {[%clk 0:03:05]} Nc6
{[%clk 0:03:04]} 3. Nf3 {[%clk 0:03:06]} d6 4. d4 {[%clk 0:03:07]} cxd4
{[%clk 0:03:03]} 5. Nxd4 {[%clk 0:03:08]} Nf6 {[%clk 0:03:04]} 6. Bc4
{[%clk 0:03:09]} e5 {[%clk 0:02:58]} 7. Nde2 {[%clk 0:03:03]} Be7
{[%clk 0:02:55]} 8. O-O {[%clk 0:03:00]} O-O {[%clk 0:02:55]} 9. a3
{[%clk 0:02:55]} a6 {[%clk 0:02:43]} 10. Be3 {[%clk 0:02:35]} Be6
{[%clk 0:02:39]} 11. Bd5 {[%clk 0:02:28]} Rc8 {[%clk 0:02:21]} 12. f3
{[%clk 0:02:28]} b5 {[%clk 0:02:08]} 13. Ng3 {[%clk 0:02:13]} Na5
{[%clk 0:01:41]} 14. Bxe6 {[%clk 0:01:25]} fxe6 {[%clk 0:01:39]} 15. Qd3
{[%clk 0:01:17]} Nc4 {[%clk 0:01:41]} 16. Bc1 {[%clk 0:01:07]} Qb6+
{[%clk 0:01:16]} 17. Kh1 {[%clk 0:01:06]} Qc7 {[%clk 0:00:48]} 18. f4
{[%clk 0:00:58]} exf4 {[%clk 0:00:48]} 19. Bxf4 {[%clk 0:00:59]} Nxb2
{[%clk 0:00:47]} 20. Qe2 {[%clk 0:00:51]} Qxc3 {[%clk 0:00:47]} 21. e5
{[%clk 0:00:49]} Nd5 {[%clk 0:00:44]} 22. exd6 {[%clk 0:00:48]} Nxf4
{[%clk 0:00:40]} 23. Rxf4 {[%clk 0:00:49]} Rxf4 {[%clk 0:00:38]} 24. Qxe6+
{[%clk 0:00:50]} Kh8 {[%clk 0:00:27]} 25. dxe7 {[%clk 0:00:37]} Qc5
{[%clk 0:00:14]} 26. e8=R+ {[%clk 0:00:26]} Rxe8 {[%clk 0:00:15]} 27. Qxe8+
{[%clk 0:00:28]} Rf8 {[%clk 0:00:16]} 28. Qe4 {[%clk 0:00:26]} Nc4
{[%clk 0:00:17]} 29. a4 b4 {[%clk 0:00:17]} 30. h4 {[%clk 0:00:11]} h6
{[%clk 0:00:17]} 31. h5 {[%clk 0:00:11]} Ne5 {[%clk 0:00:10]} 32. Nf5
{[%clk 0:00:11]} Qc3 {[%clk 0:00:05]} 33. Re1 {[%clk 0:00:08]} Ng4 34. Rf1
{[%clk 0:00:04]} Qg3 {[%clk 0:00:05]} 35. Qf3 {[%clk 0:00:04]} Qh2#
{[%clk 0:00:06]} 0-1

[Event "c14"]
[Site "?"]
[Date "2020.08.27"]
[Round "4.5"]
[White "Kusiak, Mateusz"]
[Black "Paprocki, Antoni"]
[Result "1/2-1/2"]
[BlackElo "1878"]
[WhiteElo "1633"]
[LiveChessVersion "1.4.8"]

1. e4 c5 2. Nf3 a6 3. d4 cxd4 4. Nxd4 Nf6 5. Nc3 e5 6. Nf3 Bb4 7. Bd3 d5 8. Bg5
d4 9. a3 Ba5 10. b4 dxc3 11. bxa5 Qxa5 12. O-O Be6 13. Rb1 Qc7 14. Bh4 Nbd7 15.
Ng5 Bg4 16. Be2 Bxe2 17. Qxe2 O-O 18. Rfd1 Rad8 19. Nf3 b5 20. Qe3 Qc5 21. Qd3
Qc7 22. Qe3 Rc8 23. h3 Qc5 24. Qd3 Qxa3 25. Ra1 Qb4 26. Rxa6 Nc5 27. Qe3 1/2-1/2

[Event "c14"]
[Site "?"]
[Date "2020.08.27"]
[Round "4.6"]
[White "Myrmus, Mateusz"]
[Black "Bancarewicz, Aleks"]
[Result "1-0"]
[BlackElo "1714"]
[WhiteElo "1434"]
[LiveChessVersion "1.4.8"]

1. e4 {[%clk 0:03:03]} c5 {[%clk 0:03:04]} 2. c3 {[%clk 0:03:04]} d5
{[%clk 0:03:04]} 3. exd5 {[%clk 0:03:03]} Qxd5 {[%clk 0:03:05]} 4. d4
{[%clk 0:03:07]} cxd4 {[%clk 0:03:06]} 5. cxd4 {[%clk 0:03:07]} e6
{[%clk 0:03:02]} 6. Nf3 {[%clk 0:03:08]} Nf6 {[%clk 0:02:49]} 7. Nc3
{[%clk 0:03:09]} Qd8 {[%clk 0:02:40]} 8. Be3 {[%clk 0:03:07]} Be7
{[%clk 0:02:28]} 9. Bc4 {[%clk 0:03:06]} O-O {[%clk 0:02:24]} 10. O-O
{[%clk 0:03:05]} Nbd7 {[%clk 0:02:23]} 11. a3 {[%clk 0:03:04]} Nb6
{[%clk 0:02:24]} 12. Ba2 {[%clk 0:03:05]} Nbd5 {[%clk 0:02:24]} 13. Nxd5
{[%clk 0:02:59]} Nxd5 {[%clk 0:02:23]} 14. Rc1 {[%clk 0:02:49]} b6
{[%clk 0:02:22]} 15. Ne5 {[%clk 0:02:41]} Bb7 {[%clk 0:02:24]} 16. Nc6
{[%clk 0:02:35]} Bxc6 {[%clk 0:02:24]} 17. Rxc6 {[%clk 0:02:35]} Qd7
{[%clk 0:02:18]} 18. Qc2 {[%clk 0:02:15]} Bf6 {[%clk 0:02:15]} 19. Rc1
{[%clk 0:02:04]} Rfd8 {[%clk 0:01:53]} 20. Qe4 {[%clk 0:01:34]} h6
{[%clk 0:01:15]} 21. Bb1 {[%clk 0:01:25]} Rac8 {[%clk 0:00:47]} 22. Rxc8
{[%clk 0:01:14]} Rxc8 {[%clk 0:00:46]} 23. Qh7+ {[%clk 0:01:15]} Kf8
{[%clk 0:00:45]} 24. Qh8+ {[%clk 0:01:16]} Ke7 {[%clk 0:00:43]} 25. Qxc8
{[%clk 0:01:17]} Qa4 {[%clk 0:00:11]} 26. Be4 {[%clk 0:00:47]} Qa5
{[%clk 0:00:08]} 27. Bxd5 {[%clk 0:00:44]} exd5 {[%clk 0:00:08]} 28. Qb7+
{[%clk 0:00:38]} Ke6 {[%clk 0:00:09]} 29. Qc6+ {[%clk 0:00:34]} Kf5
{[%clk 0:00:10]} 30. Qd7+ {[%clk 0:00:32]} Kg6 {[%clk 0:00:10]} 31. Qg4+
{[%clk 0:00:27]} Kh7 {[%clk 0:00:11]} 32. Qf5+ {[%clk 0:00:27]} g6
{[%clk 0:00:03]} 33. Qxf6 {[%clk 0:00:27]} 1-0

[Event "c14"]
[Site "?"]
[Date "2020.08.27"]
[Round "4.7"]
[White "Kolodziejski, Piotr"]
[Black "Malinowski, Szymon"]
[Result "1/2-1/2"]
[BlackElo "1663"]
[WhiteElo "1564"]
[LiveChessVersion "1.4.8"]

1. e4 c6 2. d4 d5 3. Nc3 dxe4 4. Nxe4 Bf5 5. Ng3 Bg6 6. Nh3 Nf6 7. Nf4 e6 8. Be2
Bd6 9. Ngh5 Nxh5 10. Nxh5 Bxh5 11. Bxh5 Nd7 12. O-O Nf6 13. Bf3 O-O 14. g3 Qb6
15. c3 e5 16. dxe5 Bxe5 17. Qb3 Qxb3 18. axb3 a6 19. Re1 Rfe8 20. Be3 Rad8 21.
Rad1 Bc7 22. Rxd8 Rxd8 23. Bd4 Nd7 24. b4 f6 25. Bg4 Ne5 26. Be6+ Kf8 27. Bc5+
Bd6 28. Rd1 Ke7 29. Rxd6 Rxd6 30. Bc8 Nd3 31. Bxd6+ Kxd6 32. Bxb7 Nxb2 33. Bxa6
Nd1 34. c4 Nc3 35. Kg2 Na2 36. b5 cxb5 37. cxb5 Kc5 38. Kf3 Nc3 39. Kf4 g6 40. h4
Nxb5 41. Bxb5 Kxb5 42. g4 Kc5 43. Ke4 Kd6 44. Kd4 Ke6 45. Ke4 Kd6 46. f4 Ke6 47.
Kd4 h6 48. Ke4 Kd6 49. Kd4 Ke6 50. Ke4 Ke5+ 1/2-1/2

[Event "c14"]
[Site "?"]
[Date "2020.08.27"]
[Round "4.8"]
[White "Klimkowski, Jan"]
[Black "Bogusz, Alan"]
[Result "1-0"]
[BlackElo "1429"]
[WhiteElo "1902"]
[LiveChessVersion "1.4.8"]

1. d4 {[%clk 0:03:03]} Nf6 {[%clk 0:03:03]} 2. c4 {[%clk 0:03:03]} d5
{[%clk 0:03:03]} 3. cxd5 {[%clk 0:03:02]} Nxd5 {[%clk 0:03:04]} 4. Nf3
{[%clk 0:03:03]} g6 {[%clk 0:03:04]} 5. e4 {[%clk 0:02:57]} Nf6 {[%clk 0:03:05]}
6. Nc3 {[%clk 0:02:58]} Bg7 {[%clk 0:03:04]} 7. Be2 {[%clk 0:02:58]} O-O
{[%clk 0:03:04]} 8. O-O {[%clk 0:02:58]} b6 {[%clk 0:02:52]} 9. Qc2
{[%clk 0:02:57]} Bb7 {[%clk 0:02:50]} 10. Rd1 {[%clk 0:02:57]} e6
{[%clk 0:02:40]} 11. Bg5 {[%clk 0:02:53]} h6 {[%clk 0:01:53]} 12. Bh4
{[%clk 0:02:54]} g5 {[%clk 0:01:50]} 13. Bg3 {[%clk 0:02:44]} Nh5
{[%clk 0:01:30]} 14. Be5 {[%clk 0:02:38]} Bxe5 {[%clk 0:01:22]} 15. Nxe5
{[%clk 0:02:34]} Nf4 {[%clk 0:01:13]} 16. Bf1 {[%clk 0:02:35]} Nd7
{[%clk 0:01:02]} 17. g3 {[%clk 0:02:31]} Nh5 {[%clk 0:00:49]} 18. Be2
{[%clk 0:02:17]} Nhf6 {[%clk 0:00:44]} 19. Rac1 {[%clk 0:02:10]} Rc8
{[%clk 0:00:40]} 20. Qa4 {[%clk 0:01:58]} a5 {[%clk 0:00:25]} 21. Bb5
{[%clk 0:01:48]} Nb8 {[%clk 0:00:16]} 22. Nc6 {[%clk 0:01:47]} Nxc6
{[%clk 0:00:16]} 23. Bxc6 {[%clk 0:01:48]} Bxc6 {[%clk 0:00:17]} 24. Qxc6
{[%clk 0:01:48]} Qd6 {[%clk 0:00:15]} 25. Qc4 {[%clk 0:01:49]} Qb4
{[%clk 0:00:12]} 26. Qxb4 {[%clk 0:01:35]} axb4 {[%clk 0:00:13]} 27. Nb5
{[%clk 0:01:33]} c5 {[%clk 0:00:10]} 28. Nd6 {[%clk 0:01:25]} Rc6
{[%clk 0:00:11]} 29. dxc5 {[%clk 0:01:04]} bxc5 {[%clk 0:00:13]} 30. e5
{[%clk 0:01:01]} Nd5 {[%clk 0:00:14]} 31. Ne4 {[%clk 0:00:47]} c4
{[%clk 0:00:13]} 32. Rd4 {[%clk 0:00:47]} Rfc8 {[%clk 0:00:13]} 33. Nd6
{[%clk 0:00:35]} R8c7 {[%clk 0:00:13]} 34. Rdxc4 {[%clk 0:00:31]} Rxc4
{[%clk 0:00:11]} 35. Rxc4 {[%clk 0:00:31]} Ra7 {[%clk 0:00:12]} 36. Rc8+
{[%clk 0:00:10]} Kg7 {[%clk 0:00:11]} 37. a3 {[%clk 0:00:09]} bxa3
{[%clk 0:00:12]} 38. bxa3 {[%clk 0:00:11]} Rxa3 {[%clk 0:00:12]} 39. Rb8
{[%clk 0:00:12]} Ra7 {[%clk 0:00:13]} 40. Kg2 {[%clk 0:00:11]} Kh7
{[%clk 0:00:12]} 41. Kh3 {[%clk 0:00:08]} h5 {[%clk 0:00:10]} 42. Kg2
{[%clk 0:00:06]} Kg7 {[%clk 0:00:11]} 43. h3 {[%clk 0:00:06]} Kh7
{[%clk 0:00:09]} 44. Rd8 {[%clk 0:00:07]} Kg7 {[%clk 0:00:09]} 45. Ne8+
{[%clk 0:00:07]} Kh7 {[%clk 0:00:06]} 46. Nd6 {[%clk 0:00:07]} Kg7
{[%clk 0:00:08]} 47. Rb8 {[%clk 0:00:08]} Kh7 {[%clk 0:00:08]} 48. Ne4
{[%clk 0:00:06]} g4 {[%clk 0:00:05]} 49. h4 {[%clk 0:00:05]} Kg7 {[%clk 0:00:04]}
50. Ng5 {[%clk 0:00:05]} Kg6 {[%clk 0:00:03]} 51. Rg8+ {[%clk 0:00:05]} Ra6 52.
Nh7+ Kxh7 {[%clk 0:00:04]} 1-0

[Event "c14"]
[Site "?"]
[Date "2020.08.27"]
[Round "4.9"]
[White "Vanduyfhuys, Igor"]
[Black "Paszkowski, Krystian"]
[Result "0-1"]
[BlackElo "1812"]
[WhiteElo "1480"]
[LiveChessVersion "1.4.8"]

1. e4 {[%clk 0:03:02]} c5 {[%clk 0:03:03]} 2. Nf3 {[%clk 0:03:03]} e6
{[%clk 0:03:04]} 3. d4 {[%clk 0:03:04]} cxd4 {[%clk 0:03:05]} 4. Nxd4
{[%clk 0:03:05]} a6 {[%clk 0:03:06]} 5. Nc3 {[%clk 0:03:06]} Qc7 {[%clk 0:03:07]}
6. Be2 {[%clk 0:03:06]} Nf6 {[%clk 0:03:08]} 7. O-O {[%clk 0:03:06]} Be7
{[%clk 0:03:09]} 8. Kh1 {[%clk 0:03:04]} O-O {[%clk 0:03:09]} 9. f4
{[%clk 0:03:05]} d6 {[%clk 0:03:10]} 10. Be3 {[%clk 0:03:05]} b5 {[%clk 0:03:11]}
11. a3 {[%clk 0:03:06]} Bb7 {[%clk 0:03:12]} 12. Bf3 {[%clk 0:03:07]} Nbd7
{[%clk 0:03:11]} 13. Qe1 {[%clk 0:02:53]} Kh8 {[%clk 0:02:47]} 14. Qg3
{[%clk 0:02:48]} Nb6 {[%clk 0:02:18]} 15. e5 {[%clk 0:02:34]} dxe5
{[%clk 0:01:41]} 16. fxe5 {[%clk 0:02:34]} Nfd7 {[%clk 0:01:42]} 17. Bxb7
{[%clk 0:02:17]} Qxb7 {[%clk 0:01:42]} 18. Rad1 {[%clk 0:02:04]} Nc4
{[%clk 0:01:41]} 19. Bc1 {[%clk 0:02:01]} Ncxe5 {[%clk 0:01:25]} 20. Rfe1
{[%clk 0:01:25]} Ng6 {[%clk 0:01:15]} 21. Ne4 {[%clk 0:01:23]} Bh4
{[%clk 0:01:05]} 22. Qe3 {[%clk 0:00:54]} Bxe1 {[%clk 0:00:58]} 23. Qxe1
{[%clk 0:00:55]} Qc7 {[%clk 0:00:55]} 24. Qf2 {[%clk 0:00:46]} Rad8
{[%clk 0:00:48]} 25. Ng5 {[%clk 0:00:46]} Nf6 {[%clk 0:00:39]} 26. Re1
{[%clk 0:00:40]} Ng4 {[%clk 0:00:31]} 27. Qg1 {[%clk 0:00:34]} h6
{[%clk 0:00:26]} 28. Ngxe6 {[%clk 0:00:31]} fxe6 {[%clk 0:00:25]} 29. Nxe6
{[%clk 0:00:32]} Qf7 {[%clk 0:00:25]} 30. Nxd8 {[%clk 0:00:31]} Rxd8
{[%clk 0:00:26]} 31. h3 {[%clk 0:00:30]} Nf6 {[%clk 0:00:13]} 32. Qf2
{[%clk 0:00:25]} Qc7 {[%clk 0:00:06]} 33. Bxh6 {[%clk 0:00:23]} Rf8
{[%clk 0:00:05]} 34. Be3 {[%clk 0:00:21]} Qf7 {[%clk 0:00:05]} 35. Qd2
{[%clk 0:00:21]} Re8 {[%clk 0:00:06]} 36. Rf1 {[%clk 0:00:20]} Qg8
{[%clk 0:00:05]} 37. Bd4 {[%clk 0:00:17]} Ne4 {[%clk 0:00:06]} 38. Qh6+
{[%clk 0:00:12]} Qh7 {[%clk 0:00:07]} 39. Qc1 {[%clk 0:00:09]} Ng3+
{[%clk 0:00:08]} 40. Kh2 {[%clk 0:00:09]} Nxf1+ {[%clk 0:00:09]} 41. Qxf1 Rf8 42.
Qd3 {[%clk 0:00:10]} Qh5 {[%clk 0:00:10]} 43. g4 {[%clk 0:00:10]} Qg5
{[%clk 0:00:10]} 44. Be3 {[%clk 0:00:10]} Qe5+ {[%clk 0:00:11]} 45. Kg2
{[%clk 0:00:10]} Nh4+ {[%clk 0:00:12]} 46. Kg1 {[%clk 0:00:11]} Qg3+
{[%clk 0:00:13]} 0-1

[Event "c14"]
[Site "?"]
[Date "2020.08.27"]
[Round "4.10"]
[White "Meers, Hubert"]
[Black "Rog, Bartlomiej"]
[Result "1/2-1/2"]
[BlackElo "1470"]
[WhiteElo "1759"]
[LiveChessVersion "1.4.8"]

1. e4 {[%clk 0:03:03]} e5 {[%clk 0:03:04]} 2. Nc3 {[%clk 0:03:03]} Nf6
{[%clk 0:03:04]} 3. Bc4 {[%clk 0:03:03]} Nxe4 {[%clk 0:03:04]} 4. Qh5
{[%clk 0:02:57]} Nd6 {[%clk 0:03:01]} 5. Bb3 {[%clk 0:02:55]} g6 {[%clk 0:02:57]}
6. Qxe5+ {[%clk 0:02:33]} Qe7 {[%clk 0:02:58]} 7. Qxe7+ {[%clk 0:02:27]} Bxe7
{[%clk 0:02:59]} 8. Nd5 {[%clk 0:02:18]} Bd8 {[%clk 0:02:57]} 9. Nf3
{[%clk 0:02:16]} O-O {[%clk 0:02:50]} 10. O-O {[%clk 0:02:15]} a5
{[%clk 0:02:50]} 11. a4 {[%clk 0:02:01]} b6 {[%clk 0:02:51]} 12. d3
{[%clk 0:01:55]} Bb7 {[%clk 0:02:48]} 13. Re1 {[%clk 0:01:36]} Na6
{[%clk 0:02:42]} 14. Bf4 {[%clk 0:01:21]} Ne8 {[%clk 0:01:55]} 15. d4
{[%clk 0:00:49]} Bxd5 {[%clk 0:01:47]} 16. Bxd5 {[%clk 0:00:50]} c6
{[%clk 0:01:49]} 17. Bb3 {[%clk 0:00:48]} Ng7 {[%clk 0:01:34]} 18. Bd6
{[%clk 0:00:30]} Re8 {[%clk 0:01:35]} 19. Ne5 {[%clk 0:00:30]} Ne6
{[%clk 0:01:24]} 20. Nxd7 {[%clk 0:00:28]} Bg5 {[%clk 0:01:02]} 21. Nxb6 Rad8 22.
Bxe6 {[%clk 0:00:20]} Rxd6 {[%clk 0:00:57]} 23. Bc4 {[%clk 0:00:21]} Rxe1+
{[%clk 0:00:53]} 24. Rxe1 {[%clk 0:00:22]} Nb4 {[%clk 0:00:54]} 25. c3
{[%clk 0:00:18]} Nd5 {[%clk 0:00:55]} 26. Nxd5 {[%clk 0:00:18]} cxd5
{[%clk 0:00:56]} 27. Bb5 {[%clk 0:00:18]} Kg7 {[%clk 0:00:56]} 28. Re2
{[%clk 0:00:18]} Re6 {[%clk 0:00:53]} 29. Kf1 {[%clk 0:00:16]} Bc1
{[%clk 0:00:52]} 30. b3 {[%clk 0:00:11]} Ba3 {[%clk 0:00:40]} 31. Rxe6
{[%clk 0:00:12]} fxe6 {[%clk 0:00:41]} 32. Ke2 {[%clk 0:00:13]} Kf6
{[%clk 0:00:42]} 33. Kd3 {[%clk 0:00:14]} Ke7 {[%clk 0:00:43]} 34. c4
{[%clk 0:00:13]} Bd6 {[%clk 0:00:37]} 35. g3 {[%clk 0:00:14]} h5 {[%clk 0:00:32]}
36. Bc6 {[%clk 0:00:15]} dxc4+ {[%clk 0:00:31]} 37. bxc4 {[%clk 0:00:13]} h4
{[%clk 0:00:33]} 38. c5 {[%clk 0:00:10]} Bc7 {[%clk 0:00:34]} 39. Kc4
{[%clk 0:00:10]} hxg3 {[%clk 0:00:30]} 40. hxg3 {[%clk 0:00:11]} g5
{[%clk 0:00:31]} 41. g4 {[%clk 0:00:12]} Kd8 {[%clk 0:00:26]} 42. d5
{[%clk 0:00:09]} exd5+ {[%clk 0:00:25]} 43. Kxd5 {[%clk 0:00:10]} Bf4
{[%clk 0:00:26]} 44. Bb5 {[%clk 0:00:09]} Kc7 {[%clk 0:00:27]} 45. Bd3
{[%clk 0:00:08]} Bd2 {[%clk 0:00:24]} 46. f3 {[%clk 0:00:08]} Bf4
{[%clk 0:00:20]} 47. Be4 {[%clk 0:00:07]} Be3 {[%clk 0:00:21]} 48. Kc4
{[%clk 0:00:08]} Bd2 {[%clk 0:00:21]} 49. Kd3 {[%clk 0:00:08]} Bb4
{[%clk 0:00:21]} 50. Kc4 {[%clk 0:00:09]} Bd2 {[%clk 0:00:22]} 51. Kd5
{[%clk 0:00:10]} Be3 {[%clk 0:00:22]} 52. Ke6 {[%clk 0:00:11]} Bxc5
{[%clk 0:00:22]} 53. Kf5 {[%clk 0:00:11]} Be3 {[%clk 0:00:23]} 54. Bd3
{[%clk 0:00:11]} Kb6 {[%clk 0:00:22]} 55. Bb5 1/2-1/2

[Event "c14"]
[Site "?"]
[Date "2020.08.27"]
[Round "4.11"]
[White "Zalega, Maciej"]
[Black "Kejna, Piotr"]
[Result "1-0"]
[BlackElo "1747"]
[WhiteElo "1479"]
[LiveChessVersion "1.4.8"]

1. d4 Nf6 2. e3 g6 3. Bd3 Bg7 4. f4 d6 5. Nf3 O-O 6. O-O Nbd7 7. c4 Re8 8. e4 e5
9. fxe5 dxe5 10. d5 c6 11. Nc3 cxd5 12. cxd5 Nc5 13. Bg5 Qb6 14. Kh1 Qxb2 15. Rc1
Bg4 16. h3 Bd7 17. Rc2 Qb4 18. Nxe5 Rxe5 19. Bxf6 Bxf6 20. Rxf6 Nxd3 21. Qxd3
Rae8 22. Rcf2 Qf8 23. Qf3 R8e7 24. d6 R7e6 25. Rxf7 Qc8 26. Rf8+ Kg7 27. Rxc8
Bxc8 28. Qf8# 1-0

[Event "c14"]
[Site "?"]
[Date "2020.08.27"]
[Round "5.1"]
[White "Wieczorek, Mikolaj"]
[Black "Karolczuk, Iwo"]
[Result "1-0"]
[BlackElo "2044"]
[WhiteElo "1452"]
[LiveChessVersion "1.4.8"]

1. e4 {[%clk 0:03:04]} c5 {[%clk 0:03:04]} 2. Nf3 Nc6 3. d4 {[%clk 0:03:06]} cxd4
{[%clk 0:03:07]} 4. Nxd4 {[%clk 0:03:08]} e5 {[%clk 0:03:08]} 5. Nb5
{[%clk 0:03:09]} d6 {[%clk 0:03:09]} 6. c4 {[%clk 0:03:10]} Be7 {[%clk 0:03:10]}
7. Bd3 {[%clk 0:03:11]} a6 {[%clk 0:03:09]} 8. N5c3 Nf6 {[%clk 0:03:05]} 9. O-O
{[%clk 0:03:10]} O-O {[%clk 0:03:05]} 10. Nd5 {[%clk 0:02:49]} Be6
{[%clk 0:02:51]} 11. Nbc3 {[%clk 0:02:39]} Rc8 {[%clk 0:02:40]} 12. Be3
{[%clk 0:02:23]} Ng4 {[%clk 0:02:33]} 13. Bb6 {[%clk 0:02:12]} Qd7
{[%clk 0:02:32]} 14. h3 {[%clk 0:02:10]} Nf6 {[%clk 0:02:24]} 15. Be3
{[%clk 0:02:11]} Rb8 {[%clk 0:02:17]} 16. Nxf6+ {[%clk 0:01:56]} Bxf6
{[%clk 0:02:18]} 17. Nd5 {[%clk 0:01:57]} Bd8 {[%clk 0:02:13]} 18. a4
{[%clk 0:01:32]} f5 {[%clk 0:01:43]} 19. exf5 {[%clk 0:01:20]} Bxf5
{[%clk 0:01:44]} 20. Bxf5 {[%clk 0:01:12]} Qxf5 {[%clk 0:01:44]} 21. Qd2
{[%clk 0:01:08]} Qe4 {[%clk 0:01:21]} 22. Nc3 {[%clk 0:00:50]} Qg6
{[%clk 0:01:16]} 23. Qd5+ {[%clk 0:00:49]} Kh8 {[%clk 0:01:15]} 24. Rad1
{[%clk 0:00:46]} Be7 {[%clk 0:01:16]} 25. Qe4 {[%clk 0:00:37]} Qe6
{[%clk 0:01:02]} 26. Nd5 {[%clk 0:00:37]} Rbc8 {[%clk 0:00:43]} 27. b4
{[%clk 0:00:33]} Bf6 {[%clk 0:00:36]} 28. b5 {[%clk 0:00:28]} axb5
{[%clk 0:00:34]} 29. cxb5 {[%clk 0:00:29]} Ne7 {[%clk 0:00:32]} 30. Nxf6
{[%clk 0:00:30]} Rxf6 {[%clk 0:00:31]} 31. Qxb7 {[%clk 0:00:31]} d5
{[%clk 0:00:28]} 32. Bg5 {[%clk 0:00:26]} Rf7 {[%clk 0:00:15]} 33. Bxe7
{[%clk 0:00:25]} Rxe7 {[%clk 0:00:16]} 34. Qxd5 {[%clk 0:00:25]} Qb6
{[%clk 0:00:14]} 35. Qd6 {[%clk 0:00:21]} Qxd6 {[%clk 0:00:09]} 36. Rxd6
{[%clk 0:00:22]} Ra7 {[%clk 0:00:10]} 37. Ra1 {[%clk 0:00:20]} Kg8
{[%clk 0:00:09]} 38. a5 {[%clk 0:00:20]} Rc5 {[%clk 0:00:09]} 39. b6
{[%clk 0:00:19]} Raxa5 {[%clk 0:00:04]} 40. Rxa5 {[%clk 0:00:20]} Rxa5
{[%clk 0:00:05]} 41. b7 {[%clk 0:00:21]} Ra1+ {[%clk 0:00:06]} 42. Kh2
{[%clk 0:00:22]} Rb1 {[%clk 0:00:07]} 43. Rd8+ {[%clk 0:00:24]} 1-0